Manual de suelos:guías de laboratorio y campo/Ricardo Campos Segura (Registro nro. 18736)

Detalles MARC
000 -LEADER
fixed length control field 00474nam a22001691a 4500
001 - CONTROL NUMBER
control field 18736
003 - CONTROL NUMBER IDENTIFIER
control field OSt
005 - DATE AND TIME OF LATEST TRANSACTION
control field 20260204212420.0
008 - FIXED-LENGTH DATA ELEMENTS--GENERAL INFORMATION
fixed length control field 180528s2012||||ck ||||||b||||||||||spa||
082 ## - DEWEY DECIMAL CLASSIFICATION NUMBER
Classification number 624.1514 C198m
100 ## - ASIENTO PRINCIPAL -- NOMBRE PERSONAL
Personal name Campos Segura,Ricardo
245 ## - TÍTULO PROPIAMENTE DICHO: SUBTÍTULO
Title Manual de suelos:guías de laboratorio y campo/Ricardo Campos Segura
264 ## - PRODUCTION, PUBLICATION, DISTRIBUTION, MANUFACTURE, AND COPYRIGHT NOTICE
Place of production, publication, distribution, manufacture Bogotá:Universidad de la Salle
300 ## - PHYSICAL DESCRIPTION
Extensión 72 p
650 ## - ASIENTO SECUNDARIO DE MATERIA -- TERMINO TEMÁTICO
Termino Temático Como Elemento de Entrada Análisis de contenidos de los suelosÌ
942 ## - ADDED ENTRY ELEMENTS (KOHA)
Source of classification or shelving scheme Dewey Decimal Classification
Koha item type Libros
Existencias
Withdrawn status Lost status Source of classification or shelving scheme Damaged status Not for loan Current library Date acquired Total Checkouts Full call number Barcode Date last seen Price effective from Koha item type
    Dewey Decimal Classification     Biblioteca UTECO 09/09/2019   624.1514 C198M 018199 09/09/2019 09/09/2019 Libros
© 2021 Derechos Reservados UTECO - Teléfono: +1 809-585-2291 - Correo electrónico: biblioteca@uteco.edu.do​  
Código postal 43000 ​​
Dirección: Avenida Universitaria No. 100, 
Cotuí, Provincia Sánchez Ramírez, República Dominicana - RNC: 404-00059-6